000 00817cam a22002657a 4500
001 16429726
005 20180207072536.0
008 100823s2010 caua 001 0 eng d
010 _a 2010483520
020 _a9780321635273
020 _a0321635272
035 _a(OCoLC)ocn430053807
040 _aBTCTA
_cBTCTA
_dMUU
_dYDXCP
_dSINLB
_dDAD
_dDTM
_dDLC
041 _aeng
042 _alccopycat
080 _a778.593 DIA
082 0 0 _a778.593 DIA
_222
100 1 _a40
101 _aMED
245 1 0 _aFinal Cut Pro 7 /
_cDiana Weynand.
246 1 _iSubtitle on cover:
_aProfessional video editing
906 _a7
_bcbc
_ccopycat
_d2
_encip
_f20
_gy-gencatlg
942 _2ddc
_cBK
999 _c42015
_d42015